Search the Library Catalogue
| 000 -LEADER | |
|---|---|
| fixed length control field | 01437nam a22002057a 4500 |
| 008 - FIXED-LENGTH DATA ELEMENTS--GENERAL INFORMATION | |
| fixed length control field | 250806b |||||||| |||| 00| 0 eng d |
| 020 ## - INTERNATIONAL STANDARD BOOK NUMBER | |
| ISBN | 9780140446067 |
| Paper back/Hardbound | pbk |
| 041 ## - LANGUAGE CODE | |
| Language code of text/sound track or separate title | eng |
| 082 ## - DEWEY DECIMAL CLASSIFICATION NUMBER | |
| Classification number | 700 |
| Item number | BAU |
| 100 ## - MAIN ENTRY--AUTHOR NAME | |
| Personal name | Baudelaire, Charles |
| 245 ## - TITLE STATEMENT | |
| Title | Selected Writings On Art And Literature |
| Statement of responsibility, etc | / Charles Baudelaire |
| 250 ## - EDITION STATEMENT | |
| Edition statement | 1st ed. |
| 260 ## - PUBLICATION, DISTRIBUTION, ETC. (IMPRINT) | |
| Place of publication | London |
| Name of publisher | Penguin Books |
| Year of publication | 2006 |
| 300 ## - PHYSICAL DESCRIPTION | |
| Number of Pages | 460 p. |
| Dimensions | ; 20 cm. |
| 500 ## - GENERAL NOTE | |
| General note | Originally published with title: Selected writings on art and artists [of] Beaudelaire |
| 520 ## - SUMMARY, ETC. | |
| Summary, etc | Before publishing the sensuous and scandalous poems of Les Fleurs du Mal, Charles Baudelaire (1821-67) had already earned respect as a forthright and witty critic of art and literature. This stimulating selection of criticism reveals him as a worshipper at the altar of beauty, illuminating his belief that the pursuit of this ideal must be paramount in artistic expression. Reviews of exhibitions discuss works by great painters such as Delacroix and Ingres in fascinating detail, and 'Of Virtuous Plays and Novels' sees Baudelaire as an avenging angel in defence of true art. Writings on Poe, Flaubert and Gautier evoke a profound understanding of fellow artists, while his single excursion into musical criticism, 'Richard Wagner and Tannh user in Paris', displays an incisive awareness of the magical power of suggestion in music. |
| 650 ## - SUBJECT ADDED ENTRY--TOPICAL TERM | |
| Topical Term | Arts Essays |
| 942 ## - ADDED ENTRY ELEMENTS (KOHA) | |
| Koha item type | Reference |
| Withdrawn status | Lost status | Damaged status | Not for loan | Home library | Current library | Shelving location | Date acquired | Cost, normal purchase price | Full call number | Accession Number | Price effective from | Koha item type |
|---|---|---|---|---|---|---|---|---|---|---|---|---|
| Anna Centenary Library | Anna Centenary Library | 6TH FLOOR, B WING | 10.12.2010 | 2979.00 | 700 BAU | 415895 | 06.08.2025 | Reference |